<The> economicsof information technology <an> introduction
Na minha lista:
| Autor principal: | |
|---|---|
| Outros Autores: | , |
| Formato: | Livro |
| Idioma: | inglês |
| Publicado em: |
Cambridge
Cambridge University Press
2004
|
| Colecção: | <The> Raffaele Mattioli lecture series
|
| Assuntos: | |
| Tags: |
Sem tags, seja o primeiro a adicionar uma tag!
|
MARC
| LEADER | 00000nam$a2200000$$$4500 | ||
|---|---|---|---|
| 001 | 0053818 | ||
| 005 | 20240312115609.8 | ||
| 020 | |a 0-521-60521-0 | ||
| 041 | 0 | |a eng | |
| 044 | |a GB | ||
| 245 | 1 | 0 | |a <The> economicsof information technology |b <an> introduction |c Hal R. Varian, Joseph Farrell, Carl Shapiro |
| 264 | 1 | |a Cambridge |b Cambridge University Press |c 2004 | |
| 300 | |a x, 102 s. | ||
| 490 | 1 | |a <The> Raffaele Mattioli lecture series | |
| 830 | 0 | |a <The> Raffaele Mattioli lecture series | |
| 610 | 2 | 0 | |a technológie informačné |
| 610 | 2 | 0 | |a priemysel informačný |
| 610 | 2 | 0 | |a investície |
| 610 | 2 | 0 | |a trh |
| 610 | 2 | 0 | |a zákazníci |
| 610 | 2 | 0 | |a konkurencia |
| 100 | 1 | |a Varian, Hal R. | |
| 700 | 1 | |a Farrell, Joseph | |
| 700 | 1 | |a Shapiro, Carl | |